Fores et fenestrae : a computational study of doors and windows in Roman domestic space /

Bibliographic Details
Main Author: Michielin, Lucia (Author)
Format: eBook
Language:English
Published: Oxford : Archaeopress Publishing Ltd., [2021]
Series:Archaeopress archaeology.
Archaeopress Roman archaeology ; 82.
Subjects:
Online Access:Connect to the full text of this electronic book

MARC

Tag First Indicator Second Indicator Subfields
LEADER 00000cam a22000001i 4500
001 in00004373713
005 20220105155905.0
006 m |o d |
007 cr |n|||||||||
008 211004t20212021enkae ob 000 0 eng d
020 |a 9781789696189 (electronic bk.) 
020 |a 1789696186 (electronic bk.) 
020 |z 1789696178 
020 |z 9781789696172 
035 |a (NhCcYBP)jstor22573/CTV1RD4XSM 
040 |a NhCcYBP  |c NhCcYBP  |d UtOrBLW 
043 |a e------  |a aw-----  |a ff----- 
050 4 |a NA310  |b .M33 2021 
082 0 4 |a 721.8220937  |2 23 
100 1 |a Michielin, Lucia,  |e author.  |0 http://id.loc.gov/authorities/names/no2021099654 
245 1 0 |a Fores et fenestrae :  |b a computational study of doors and windows in Roman domestic space /  |c Lucia Michielin. 
264 1 |a Oxford :  |b Archaeopress Publishing Ltd.,  |c [2021] 
264 4 |c ©2021 
300 |a 1 online resource. 
336 |a text  |b txt  |2 rdacontent 
337 |a computer  |b c  |2 rdamedia 
338 |a online resource  |b cr  |2 rdacarrier 
490 1 |a Archaeopress Archaeology 
490 1 |a Archaeopress Roman archaeology ;  |v 82 
500 |a Description based on print version record. 
504 |a Includes bibliographical references. 
588 |a Description based on print version record. 
500 |a Electronic resource. 
650 0 |a Architecture, Roman.  |0 http://id.loc.gov/authorities/subjects/sh85006860 
650 0 |a Architecture, Domestic  |z Rome.  |0 http://id.loc.gov/authorities/subjects/sh2009115439 
650 0 |a Doors  |z Rome. 
650 0 |a Windows  |z Rome. 
655 7 |a Electronic books.  |2 local 
776 1 8 |i ebook version :  |z 9781789696189 
776 1 8 |c Original  |z 1789696178  |z 9781789696172 
830 0 |a Archaeopress archaeology.  |0 http://id.loc.gov/authorities/names/no2015043939 
830 0 |a Archaeopress Roman archaeology ;  |v 82.  |0 http://id.loc.gov/authorities/names/no2015023665 
856 4 0 |u http://proxy.library.tamu.edu/login?url=https://www.jstor.org/stable/10.2307/j.ctv1rdtxgx  |z Connect to the full text of this electronic book  |t 0 
955 |a JSTOR DDA record 
999 f f |s 7bafa929-696b-3f20-9974-36be1e704f7f  |i b84d06db-5fd4-31c9-a4ca-8e506b546e1e  |t 0 
952 f f |a Texas A&M University  |b College Station  |c Electronic Resources  |d Available Online  |t 0  |e NA310 .M33 2021  |h Library of Congress classification 
998 f f |a NA310 .M33 2021  |t 0  |l Available Online